000 00694nam a2200229 4500
003 OSt
005 20240726080743.0
006 a
008 240726b |||||||| |||| 00| 0 eng d
020 _a9780071289511
040 _aDWCL-Main lib.
_cOC
082 _2Eighth edition
_aCirc. 624 C758 2011
110 _aRobert L. Peurifot
245 _aConstruction planning, equipment, and methods /
250 _aEighth edition
260 _aN.Y. :
_bMcGraw-Hill,
_cc2011.
300 _axv,
_b800 p. : ill. ;
_c23 cm.
504 _aIncludes bibliographical references & index.
650 _a1. Civil engineering.
650 _a2. Building.
942 _2ddc
_n0
_cBK-CIRC
_eEighth edition
_kCirc.
999 _c2830
_d2830